00381nam a22001337a 4500003000500000038001500005082001000020100002100030245007800051260003600129300002900165500001500194600003800209NUST aMr. Zahoor a621.3 aSehrish Mahmood  aANALYSIS OF ROUTING ALGORITHMS WIRELESS MESH NETWORKS /cSehrish Mahmood  aIslamabad.bCEME - NUST,c2013. av, 96 p. : ill, ;c30cm. aHardcover. 2Computer of Science - MS Thesis